000 00675nam a2200217 i 4500
001 96035
003 ES-MaACL
005 20260525062930.0
007 t|
008 050609s1957 sp ||||1| spa d
100 1 _aMachiavelli, Niccolò,
_d1469-1527
_975181
245 1 3 _aEl príncipe /
_cNicolás Maquiavelo; (comentado por Napoleón Bonaparte).
250 _a[8ª ed.].
260 _aMadrid :
_bEspasa-Calpe,
_c1957.
300 _a167 p. ;
_c18 cm.
490 1 _aColección austral ;
_v69
700 0 _aNapoleón
_bI
_c, Emperador de Francia.
_984910
830 0 _aColección austral
_v69
_9177655
852 _aES-MaACL
_jC-13479
_bR.40810
999 _c96035
_d96035